Logos verts 🟢 - Statistiques

Statistiques générales
  • Ce quiz a Ă©tĂ© pris 6 623 fois
  • Le rĂ©sultat moyen est 10 sur 12
Statistiques - réponses
Par images Réponse % Correct
Spotify
99%
Starbucks
98%
Sprite
97%
Monster Energy
94%
Whatsapp
93%
Heineken
92%
Perrier
92%
Android
90%
Subway
84%
Land Rover
73%
Acer
59%
Uber Eats
53%
Aucun quiz correspondant
Distribution des résultats
% des personnes avec chaque résultat
Percentile par nombre de réponses
Votre historique - résultats
Vous n’avez pas pris ce quiz